000 00719nam a2200253Ia 4500
005 20250425162441.0
008 250425s9999 xx 000 0 und d
020 _a8470872400
041 _aspa
082 _a531.6
110 _aINDEX (MAVECO)
245 0 _aTECNICAS DE LA ENERGIA: AHORRO DE ENERGIA EN LA INDUSTRIA, USO RACIONAL DE LOS COMBUSTIBLES (II)
250 _a1A ED.
260 _aEspaƱa
_bINDEX
_c1984
260 _aMADRID
300 _a581
650 _aCOMBUSTIBLES Y EQUIPOS DE COMBUSTION EN LOS HORNOS
650 _aCONSTRUCCION DE HORNOS
650 _aQUEMADORES EN LOS HORNOS
650 _aSUSTITUCION DE VAPOR
650 _aTRANSFERENCIA DE CALOR
942 _c01
010 _a74746
999 _c229464
_d229464